[Event "2.Spand. W-Open 2016"]
[Site "Berlin"]
[Date "2016.12.29"]
[Round "5.2"]
[White "Meister, Jakob"]
[Black "Koop, Sören"]
[Result "1-0"]
[WhiteElo "2444"]
[BlackElo "2086"]
[PlyCount "139"]
[EventDate "2016.??.??"]
[WhiteTeam "SK Zehlendorf e.V."]
[BlackTeam "SC Wrist-Kellinghusen von 1979"]

1. d4 d5 2. Bf4 Nf6 3. e3 c6 4. c4 Bf5 5. Nc3 e6 6. Qb3 Qb6 7. c5 Qxb3 8. axb3
Nfd7 9. b4 f6 10. Nf3 g5 11. Bg3 Be7 12. h4 g4 13. Nd2 Kf7 14. e4 dxe4 15.
Ndxe4 e5 16. Bc4+ Kg7 17. dxe5 Nxe5 18. Bxe5 fxe5 19. Ng3 Rf8 20. Nxf5+ Rxf5
21. g3 Rf8 22. O-O Nd7 23. Be6 Nf6 24. Rfe1 a5 25. Rxa5 Rxa5 26. bxa5 Bxc5 27.
Rxe5 Bd4 28. Rg5+ Kh6 29. Bxg4 Nxg4 30. Rxg4 Bxf2+ 31. Kg2 Be1 32. Re4 Bxc3 33.
bxc3 Rf5 34. Re6+ Kg7 35. Re7+ Kg6 36. Rxb7 Rxa5 37. Rb4 Rc5 38. c4 h5 39. Kf3
Kf5 40. Ra4 Re5 41. Ra8 Rc5 42. Ra4 Re5 43. Ra7 Rc5 44. Rf7+ Ke5 45. Rf4 Ra5
46. Re4+ Kf5 47. Re8 Ra3+ 48. Kg2 Ra2+ 49. Kh3 Rc2 50. Rg8 Rxc4 51. Rg5+ Kf6
52. Rxh5 Kg6 53. Rg5+ Kh6 54. Re5 c5 55. Re6+ Kh7 56. Rc6 Rc1 57. Kg4 c4 58.
Kg5 c3 59. g4 Ra1 60. Rc7+ Kg8 61. Rxc3 Ra5+ 62. Kg6 Ra6+ 63. Kh5 Kg7 64. Rc7+
Kg8 65. g5 Rb6 66. g6 Rb4 67. Kg5 Ra4 68. h5 Ra5+ 69. Kh6 Ra8 70. Rc5 1-0

[Event "2.Spand. W-Open 2016"]
[Site "Berlin"]
[Date "2016.12.29"]
[Round "5.4"]
[White "Weber, Dirk"]
[Black "Hansch, Karsten"]
[Result "1-0"]
[WhiteElo "2246"]
[BlackElo "2220"]
[PlyCount "71"]
[EventDate "2016.??.??"]
[WhiteTeam "vereinslos"]
[BlackTeam "SC Empor Potsdam 1952 e.V."]

1. e4 c5 2. Nc3 a6 3. g3 b5 4. Bg2 Bb7 5. d3 e6 6. Nh3 d5 7. exd5 b4 8. Na4
exd5 9. O-O Bd6 10. Qg4 Kf8 11. Re1 Qd7 12. Qxd7 Nxd7 13. Nf4 Ngf6 14. c3 bxc3
15. Nxc3 Nb6 16. a4 g5 17. a5 gxf4 18. axb6 Re8 19. Bxf4 Bxf4 20. gxf4 Rg8 21.
Kf1 c4 22. dxc4 Ne4 23. Nxe4 dxe4 24. Rad1 Rg6 25. c5 f5 26. Bh3 a5 27. Ke2 e3
28. fxe3 Rh6 29. Bxf5 Rxh2+ 30. Kd3 Bf3 31. Bd7 Rd8 32. Kc3 Rh5 33. Kc4 Ke7 34.
c6 Bxc6 35. Bxc6 Rc8 36. Rd7+ 1-0

[Event "2.Spand. W-Open 2016"]
[Site "Berlin"]
[Date "2016.12.29"]
[Round "5.5"]
[White "Schuh, Rüdiger"]
[Black "Brustkern, Jürgen"]
[Result "0-1"]
[WhiteElo "2056"]
[BlackElo "2246"]
[PlyCount "116"]
[EventDate "2016.??.??"]
[WhiteTeam "FVS ASP Hoyerswerda"]
[BlackTeam "SC Zugzwang 95 e.V."]

1. d4 f5 2. c4 Nf6 3. g3 e6 4. Bg2 Be7 5. Nf3 O-O 6. O-O d6 7. Nc3 a5 8. Qc2
Nc6 9. Rd1 Qe8 10. d5 Nb4 11. Qb1 e5 12. a3 Na6 13. b4 Qh5 14. Bd2 f4 15. gxf4
Ng4 16. h3 Nh6 17. fxe5 Bxh3 18. Ne4 Nf5 19. Qd3 Qg4 20. Ne1 Bxg2 21. Nxg2 dxe5
22. Rab1 Nd4 23. f3 Qg6 24. Bc3 axb4 25. axb4 c5 26. dxc6 bxc6 27. c5 Rfd8 28.
Qc4+ Qf7 29. Qxf7+ Kxf7 30. Kf2 Nc7 31. e3 Ra2+ 32. Rb2 Rxb2+ 33. Bxb2 Nc2 34.
Rxd8 Bxd8 35. Bxe5 Nxb4 36. Ke2 Ne6 37. Nf4 Nxf4+ 38. Bxf4 Ke6 39. Bd6 Be7 40.
f4 Bxd6 41. cxd6 h6 42. f5+ Kd7 43. Kf3 Nd5 44. Ng3 Kxd6 45. Nh5 Ke5 46. Nxg7
c5 47. Nh5 c4 48. Ng3 c3 49. Ne2 c2 50. e4 Nc3 51. Nc1 Nxe4 52. f6 Nxf6 53. Ke3
h5 54. Kd2 Ke4 55. Kxc2 h4 56. Kd2 Kf3 57. Ne2 Nh5 58. Ke1 Kg2 0-1

[Event "2.Spand. W-Open 2016"]
[Site "Berlin"]
[Date "2016.12.29"]
[Round "5.7"]
[White "Oelmann, Henry"]
[Black "Hansch, Torsten"]
[Result "1/2-1/2"]
[WhiteElo "1999"]
[BlackElo "2138"]
[PlyCount "55"]
[EventDate "2016.??.??"]
[WhiteTeam "Schachclub Oranienburg e.V."]
[BlackTeam "Stendaler Schachklub"]

1. d4 d5 2. c4 e6 3. Nc3 Nf6 4. Bg5 Be7 5. e3 O-O 6. Qc2 Nbd7 7. cxd5 exd5 8.
Bd3 c6 9. Nge2 Re8 10. O-O Nf8 11. Rab1 Ne4 12. Bf4 Nxc3 13. bxc3 Bd6 14. c4
dxc4 15. Bxc4 Ne6 16. Qb3 b5 17. Bxd6 Qxd6 18. Bd3 a6 19. Rfd1 Bd7 20. Qc2 g6
21. Ng3 Qe7 22. Rbc1 Rac8 23. Ne4 f5 24. Nc5 Nxc5 25. Qxc5 Qxc5 26. Rxc5 Be6
27. Rd2 Bd5 28. g3 1/2-1/2

[Event "2.Spand. W-Open 2016"]
[Site "Berlin"]
[Date "2016.12.29"]
[Round "5.8"]
[White "Baumgardt, Uwe"]
[Black "Krichi, Abdelkerim"]
[Result "1-0"]
[WhiteElo "2137"]
[BlackElo "2068"]
[PlyCount "41"]
[EventDate "2016.??.??"]
[WhiteTeam "SC Zitadelle Spandau 1977 e.V."]
[BlackTeam "SF Berlin"]

1. e4 e6 2. d4 d5 3. Nc3 f5 4. exd5 exd5 5. Bd3 Nf6 6. Qf3 Ne4 7. Nge2 Bb4 8.
Bf4 O-O 9. Bxe4 fxe4 10. Qg3 Rf7 11. O-O a5 12. Nb5 Na6 13. a3 Bf8 14. f3 Bf5
15. fxe4 Bxe4 16. Be5 Rxf1+ 17. Rxf1 Qd7 18. Nbc3 Bd6 19. Nxe4 dxe4 20. Qb3+
Kh8 21. Rf7 1-0

[Event "2.Spand. W-Open 2016"]
[Site "Berlin"]
[Date "2016.12.29"]
[Round "5.9"]
[White "Zaeske, Winfried"]
[Black "Ijzermans, Cees"]
[Result "0-1"]
[WhiteElo "1985"]
[BlackElo "2095"]
[PlyCount "68"]
[EventDate "2016.??.??"]
[WhiteTeam "SC Zitadelle Spandau 1977 e.V."]

1. e4 d6 2. d4 Nf6 3. Nc3 Nbd7 4. Nf3 e5 5. Bc4 Be7 6. O-O O-O 7. h3 c6 8. a4
h6 9. Bb3 Re8 10. Re1 Qc7 11. Be3 Nf8 12. Qd2 Be6 13. d5 cxd5 14. exd5 Bf5 15.
Nb5 Qb8 16. Qa5 Bd8 17. Qb4 Be7 18. Qa5 Bd8 19. Qb4 a6 20. Na3 Be4 21. Rad1
Bxf3 22. gxf3 Ng6 23. a5 Qc8 24. Kh2 Qf5 25. Bc4 Nh4 26. Be2 Nxf3+ 27. Bxf3
Qxf3 28. Nc4 Ne4 29. Nd2 Nxd2 30. Rxd2 e4 31. Rg1 Bf6 32. Rg2 Be5+ 33. Kg1 Qxh3
34. Bd4 Qd7 0-1

[Event "2.Spand. W-Open 2016"]
[Site "Berlin"]
[Date "2016.12.29"]
[Round "5.10"]
[White "Zschäbitz, Klaus"]
[Black "Kirschbaum, Heinrich"]
[Result "1/2-1/2"]
[WhiteElo "2088"]
[BlackElo "2017"]
[PlyCount "70"]
[EventDate "2016.??.??"]
[WhiteTeam "BSG 1827 Eckbauer e.V."]
[BlackTeam "vereinslos"]

1. c4 g6 2. g3 Bg7 3. Bg2 d6 4. Nc3 e5 5. d3 Nf6 6. e4 O-O 7. Nge2 c6 8. O-O a6
9. b4 Be6 10. h3 d5 11. cxd5 cxd5 12. Bg5 dxe4 13. Nxe4 Nbd7 14. Kh2 h6 15.
Bxf6 Nxf6 16. Nc5 Bd5 17. Nc3 Bxg2 18. Kxg2 b6 19. N5e4 Nd5 20. Nxd5 Qxd5 21.
Qf3 Qd4 22. Rab1 f5 23. Nd2 e4 24. Qe3 Qxe3 25. fxe3 exd3 26. Rb3 Rfd8 27. Rc1
b5 28. Kf3 a5 29. bxa5 Rxa5 30. a3 h5 31. Rc6 Kh7 32. Rc5 Rd7 33. g4 fxg4+ 34.
hxg4 hxg4+ 35. Kxg4 Rda7 1/2-1/2

[Event "2.Spand. W-Open 2016"]
[Site "Berlin"]
[Date "2016.12.29"]
[Round "5.11"]
[White "Magnussen, Helge"]
[Black "Nofal, Jameel"]
[Result "1/2-1/2"]
[WhiteElo "2084"]
[BlackElo "1873"]
[PlyCount "136"]
[EventDate "2016.??.??"]
[WhiteTeam "Elmshorner SC von 1896"]
[BlackTeam "vereinslos"]

1. d4 Nf6 2. c4 e6 3. g3 Bb4+ 4. Bd2 Qe7 5. Bg2 O-O 6. a3 Bxd2+ 7. Qxd2 d6 8.
Nc3 e5 9. Nf3 Nbd7 10. O-O exd4 11. Nxd4 Ne5 12. Nd5 Nxd5 13. cxd5 Bd7 14. Rac1
Rac8 15. Rc3 c5 16. dxc6 bxc6 17. f4 c5 18. Nc2 Ng4 19. h3 Nh6 20. Rd1 Bc6 21.
Qxd6 Qxe2 22. Rd2 Qe6 23. Qxe6 fxe6 24. Rxc5 Bxg2 25. Rxc8 Rxc8 26. Kxg2 Nf5
27. Nb4 a5 28. Na2 Rb8 29. Kf3 Kf7 30. g4 Rb3+ 31. Nc3 Ne7 32. Ke4 Rb7 33. h4
h5 34. gxh5 Nf5 35. Na4 Rb3 36. Rd3 Rb7 37. Rd2 Rb3 38. Rd3 Rb7 39. Rc3 Rd7 40.
Nc5 Rd4+ 41. Kf3 Nxh4+ 42. Kg4 Ng2 43. Nd3 Kf6 44. Kg3 Ne3 45. Ne5 Nd5 46. Ng4+
Ke7 47. Rf3 Rd2 48. Rb3 a4 49. Rb7+ Kf8 50. Ne5 Nf6 51. Ng6+ Ke8 52. Re7+ Kd8
53. Rxe6 Nxh5+ 54. Kh4 Nf6 55. Ra6 Rh2+ 56. Kg3 Rxb2 57. Rxa4 Rb1 58. Ra8+ Kc7
59. f5 Rf1 60. Ra5 Kb6 61. Re5 Ra1 62. Re6+ Kb5 63. Re3 Ka4 64. Ne7 Rxa3 65.
Rxa3+ Kxa3 66. Kf4 Kb3 67. Ke5 Ng4+ 68. Ke6 Nh6 1/2-1/2

[Event "2.Spand. W-Open 2016"]
[Site "Berlin"]
[Date "2016.12.29"]
[Round "5.12"]
[White "Hahn, Thomas"]
[Black "Allgaier, Erik"]
[Result "0-1"]
[WhiteElo "1909"]
[BlackElo "2040"]
[PlyCount "102"]
[EventDate "2016.??.??"]
[WhiteTeam "SC Empor Potsdam 1952 e.V."]
[BlackTeam "Betriebsschach BVG Helmhotlz"]

1. d4 d6 2. Bf4 g6 3. Nf3 Bg7 4. e3 c5 5. c3 Nd7 6. Be2 Ngf6 7. h3 O-O 8. O-O
b6 9. Nbd2 Bb7 10. Qb3 Qc7 11. Rfe1 Ne4 12. Nxe4 Bxe4 13. Ng5 Nf6 14. Nxe4 Nxe4
15. f3 Nf6 16. Rad1 Nh5 17. Bh2 Bf6 18. g4 Ng7 19. f4 e6 20. Rf1 Rad8 21. Qc2
Qc8 22. Bd3 c4 23. Be2 Be7 24. Bf3 d5 25. Qg2 f5 26. Rde1 Kh8 27. Bg3 Rg8 28.
Qf2 Rdf8 29. Bh4 Bd6 30. Bg5 Rf7 31. Qh4 b5 32. a3 a5 33. Ra1 Qf8 34. Rf2 Be7
35. Bxe7 Rxe7 36. Rg2 Qf7 37. Kh1 Rb7 38. Bd1 Rgb8 39. Kh2 Qe7 40. Qxe7 Rxe7
41. Kg3 Ne8 42. h4 Nd6 43. Bf3 Rg7 44. h5 fxg4 45. h6 Nf5+ 46. Kxg4 Nxh6+ 47.
Kg5 Nf7+ 48. Kf6 Rb6 49. Ke7 Ne5+ 50. Kf6 Nxf3 51. Rh1 e5# 0-1

[Event "2.Spand. W-Open 2016"]
[Site "Berlin"]
[Date "2016.12.29"]
[Round "5.13"]
[White "Schulz, Michael"]
[Black "Jansen, Robert"]
[Result "1-0"]
[WhiteElo "2141"]
[BlackElo "1790"]
[PlyCount "55"]
[EventDate "2016.??.??"]
[WhiteTeam "SC Zitadelle Spandau 1977 e.V."]
[BlackTeam "SC Kreuzberg e.V."]

1. d4 Nf6 2. Bg5 c5 3. d5 d6 4. Nc3 e6 5. e4 Be7 6. Bb5+ Bd7 7. dxe6 fxe6 8.
Bxd7+ Qxd7 9. Nf3 e5 10. Nd5 Nc6 11. Bxf6 gxf6 12. Nh4 O-O-O 13. Nf5 Qe6 14. c3
Rd7 15. Qb3 Kb8 16. Ndxe7 Qxb3 17. Nxc6+ bxc6 18. axb3 d5 19. f3 d4 20. Ra5 Rb7
21. Ra3 Rd8 22. c4 Kc7 23. Kd2 Rdb8 24. Kc2 h5 25. g3 Kb6 26. Rha1 Ra8 27. Ra6+
Kc7 28. Ne7 1-0

[Event "2.Spand. W-Open 2016"]
[Site "Berlin"]
[Date "2016.12.29"]
[Round "5.14"]
[White "Tiarks, Jann-Christian"]
[Black "Fuchs, Dominik"]
[Result "1-0"]
[WhiteElo "2030"]
[BlackElo "1822"]
[PlyCount "99"]
[EventDate "2016.??.??"]
[WhiteTeam "USV Potsdam e.V., Abt. Schach"]
[BlackTeam "SC Zitadelle Spandau 1977 e.V."]

1. e4 Nf6 2. e5 Nd5 3. d4 d6 4. c4 Nb6 5. exd6 exd6 6. Nc3 Be7 7. Be2 O-O 8.
Nf3 Bf6 9. O-O Nc6 10. Be3 Bg4 11. b3 d5 12. c5 Nc8 13. h3 Be6 14. Bf4 N8e7 15.
g4 Ng6 16. Bg3 Nh4 17. Ne5 Bxe5 18. dxe5 d4 19. Ne4 Ng6 20. f4 Bd5 21. Bf3 f5
22. exf6 gxf6 23. Qd3 f5 24. gxf5 Nh4 25. Nf6+ Qxf6 26. Bxd5+ Kg7 27. Bxh4 Qxh4
28. Bxc6 bxc6 29. Qxd4+ Kh6 30. Qf2 Qxh3 31. Qh2 Qxh2+ 32. Kxh2 Rxf5 33. Kg3
Rg8+ 34. Kf3 Rxc5 35. Rh1+ Kg7 36. Rac1 Rxc1 37. Rxc1 Rc8 38. Rxc6 Kf7 39. Ke4
Ke7 40. Rh6 Rh8 41. Kd5 Kd7 42. b4 Kd8 43. f5 Rf8 44. Ke6 Re8+ 45. Kf7 Re7+ 46.
Kg8 Ke8 47. Ra6 Re5 48. Ra5 Re7 49. f6 Rf7 50. Re5+ 1-0

[Event "2.Spand. W-Open 2016"]
[Site "Berlin"]
[Date "2016.12.29"]
[Round "5.15"]
[White "Knabe, Sascha"]
[Black "Kötz, Andreas"]
[Result "1/2-1/2"]
[WhiteElo "1807"]
[BlackElo "2027"]
[PlyCount "81"]
[EventDate "2016.??.??"]
[WhiteTeam "Schachclub Reichenbach"]
[BlackTeam "SC Zitadelle Spandau 1977 e.V."]

1. e4 c5 2. Nf3 Nc6 3. d4 cxd4 4. Nxd4 Nf6 5. Nc3 e5 6. Ndb5 d6 7. Nd5 Nxd5 8.
exd5 Ne7 9. c4 Nf5 10. Bd3 g6 11. O-O a6 12. Nc3 Bg7 13. Ne4 O-O 14. b3 Re8 15.
Bb2 Nd4 16. Bxd4 exd4 17. Re1 Bf5 18. Qf3 Qa5 19. b4 Qxb4 20. Rab1 Qa5 21. g4
Bxe4 22. Rxe4 Qc7 23. g5 Re5 24. Rxe5 Bxe5 25. h4 Re8 26. Kg2 Bg7 27. h5 Re5
28. Qg4 Qd8 29. f4 Re3 30. hxg6 hxg6 31. Bf1 Qe7 32. Kf2 Qc7 33. f5 Qd7 34. Bh3
Qxf5+ 35. Qxf5 gxf5 36. Bxf5 Ra3 37. Rxb7 Rxa2+ 38. Ke1 a5 39. c5 dxc5 40. Rb8+
Bf8 41. d6 1/2-1/2